000 00959nam a2200217Ia 4500
999 _c39708
_d39708
001 6312
003 GE_BSU
005 20190529151236.0
008 181216s1981||||geo|||||||||||||| ||geo||
040 _cGE_BSU
041 _ageo
080 _a004.387(075) კ-20
100 _aკამკამიძე, კ.
_91801
245 _aანალოგიური გამომთვლელი მანქანები :
_bდამხმ. სახელმძღვ. /
_cკ. კამკამიძე ; რედ. ი. გოგუაძე.
264 _aთბილისი :
_bგანათლება,
_c1981.
300 _a94 გვ. :
_bნახაზები ;
_c20 სმ.
504 _aბიბლიოგრ. : გვ.93.
653 _aანალოგიური გამომთვლელი მანქანები
700 _aგოგუაძე, ი.
_eრედაქტორი
_91802
942 _cBK
_2udc